[Event "Saint Louis CCSCSL IM"]
[Site "Saint Louis"]
[Date "2014.11.25"]
[Round "9"]
[White "Ross, David"]
[Black "Bobula, Mateusz"]
[Result "1-0"]
[WhiteElo "2303"]
[BlackElo "2368"]
[PlyCount "71"]
[EventDate "2014.11.21"]
[EventType "tourn"]
[EventRounds "9"]
[EventCountry "USA"]
[EventCategory "2"]
[SourceTitle "CBM 163 Extra"]
[Source "ChessBase"]
[SourceDate "2014.12.23"]
[SourceVersion "1"]
[SourceVersionDate "2014.12.23"]
[SourceQuality "1"]

1. d4 d5 2. Nf3 e6 3. c4 Nf6 4. g3 Be7 5. Bg2 0-0 6. 0-0 c6 7. Nbd2 Nbd7 8. Qc2 b6 9. e4 Ba6 10. b3 Rc8 11. Rd1 c5 12. e5 Ne8 13. cxd5 exd5 14. dxc5 Nxc5 15. Qf5 Bd3 16. Qh3 Nc7 17. Nd4 N7e6 18. Bb2 Nxd4 19. Bxd4 Ne6 20. Nf3 Be2 21. Rd2 Bxf3 22. Bxf3 Bb4 23. Rd3 Nxd4 24. Rxd4 Bc3 25. Rxd5 Bxa1 26. Rxd8 Rcxd8 27. Kg2 Bxe5 28. Qf5 Bd4 29. Bd5 Rd6 30. f4 Bf6 31. a4 Re8 32. Bc4 g6 33. Qb5 Re7 34. h4 h5 35. a5 bxa5 36. Qb8+ 1-0

[Event "Saint Louis CCSCSL IM"]
[Site "Saint Louis"]
[Date "2014.11.24"]
[Round "7"]
[White "Ross, David"]
[Black "Kavutskiy, Konstantin"]
[Result "0-1"]
[WhiteElo "2303"]
[BlackElo "2332"]
[PlyCount "122"]
[EventDate "2014.11.21"]
[EventType "tourn"]
[EventRounds "9"]
[EventCountry "USA"]
[EventCategory "2"]
[SourceTitle "CBM 163 Extra"]
[Source "ChessBase"]
[SourceDate "2014.12.23"]
[SourceVersion "1"]
[SourceVersionDate "2014.12.23"]
[SourceQuality "1"]

1. Nf3 Nf6 2. b4 d5 3. Bb2 Bg4 4. Ne5 Bf5 5. e3 e6 6. g4 Be4 7. f3 Nfd7 8. h4 Nxe5 9. Bxe5 f6 10. Bg3 Bg6 11. h5 Bf7 12. Qe2 c6 13. b5 e5 14. Nc3 Nd7 15. a4 Bb4 16. Nd1 0-0 17. Bg2 a5 18. Nf2 cxb5 19. c3 Bd6 20. Qxb5 Nb6 21. g5 f5 22. g6 hxg6 23. hxg6 Bxg6 24. Rb1 Ra6 25. f4 e4 26. Bf1 Bc7 27. Nh3 Bh5 28. Kf2 Qd6 29. Ng5 Be8 30. Qb3 Ra8 31. c4 Nxa4 32. d4 exd3 33. Bg2 Nc5 34. Bxd5+ Qxd5 35. cxd5 Nxb3 36. Rxb3 b5 37. Ne6 Rf7 38. Rxd3 Bd6 39. Ng5 Rc7 40. e4 Rc2+ 41. Kf3 fxe4+ 42. Nxe4 Bf8 43. f5 Bd7 44. Rh5 a4 45. Be5 a3 46. Kf4 a2 47. Ng5 Ra4+ 48. Ne4 Rf2+ 49. Rf3 Rxf3+ 50. Kxf3 a1Q 51. Bxa1 Rxa1 52. f6 g6 53. Rh2 Rf1+ 54. Ke3 Rf5 55. Kd4 Rh5 56. Ra2 Bf5 57. Ng3 Rg5 58. Nxf5 Rxf5 59. Ra6 Kf7 60. Rb6 b4 61. d6 Ke6 0-1

[Event "Saint Louis IM"]
[Site "Saint Louis"]
[Date "2014.05.31"]
[Round "8"]
[White "Ross, David"]
[Black "Sharma, Arun"]
[Result "1-0"]
[WhiteElo "2291"]
[BlackElo "2383"]
[PlyCount "71"]
[EventDate "2014.05.28"]
[EventType "tourn"]
[EventRounds "9"]
[EventCountry "USA"]
[EventCategory "3"]
[SourceTitle "CBM 160 Extra"]
[Source "ChessBase"]
[SourceDate "2014.07.01"]
[SourceVersion "1"]
[SourceVersionDate "2014.07.01"]
[SourceQuality "1"]

1. d4 Nf6 2. Nf3 e6 3. c4 c5 4. e3 cxd4 5. exd4 d5 6. Nc3 Nc6 7. cxd5 Nxd5 8. Bd3 Be7 9. 0-0 0-0 10. Re1 Re8 11. Nxd5 exd5 12. h3 Be6 13. Bd2 Qd7 14. Bc3 Bf6 15. Qb3 a6 16. Re3 b5 17. a3 Bf5 18. Rae1 Bxd3 19. Qxd5 Rxe3 20. Qxd7 Rxe1+ 21. Nxe1 Be4 22. d5 Nd4 23. Qg4 Re8 24. Qd1 Bxd5 25. Bxd4 Bxd4 26. Qxd4 Rxe1+ 27. Kh2 Bc6 28. Qb6 Re6 29. Qxa6 h5 30. b3 Kh7 31. a4 Be8 32. Qa5 bxa4 33. bxa4 g6 34. Qb4 Bd7 35. a5 Bc8 36. Qf8 1-0

[Event "Saint Louis IM"]
[Site "Saint Louis"]
[Date "2014.05.31"]
[Round "7"]
[White "Ross, David"]
[Black "Vibbert, Sean"]
[Result "1/2-1/2"]
[WhiteElo "2291"]
[BlackElo "2316"]
[PlyCount "43"]
[EventDate "2014.05.28"]
[EventType "tourn"]
[EventRounds "9"]
[EventCountry "USA"]
[EventCategory "3"]
[SourceTitle "CBM 160 Extra"]
[Source "ChessBase"]
[SourceDate "2014.07.01"]
[SourceVersion "1"]
[SourceVersionDate "2014.07.01"]
[SourceQuality "1"]

1. c4 c5 2. Nc3 Nc6 3. g3 g6 4. Bg2 Bg7 5. e3 e5 6. Nge2 Nge7 7. a3 0-0 8. Rb1 a5 9. d3 d6 10. 0-0 Rb8 11. Bd2 Be6 12. Nd5 b5 13. Nxe7+ Nxe7 14. cxb5 Rxb5 15. b4 axb4 16. axb4 cxb4 17. Qa4 Ra5 18. Qxb4 Ra2 19. Rb2 Rxb2 20. Qxb2 Qd7 21. Rb1 Rc8 22. Rc1 1/2-1/2

[Event "Montreal Masters 4th"]
[Site "Montreal"]
[Date "2005.05.02"]
[Round "3"]
[White "Sorin, Maxime"]
[Black "Ross, David"]
[Result "1-0"]
[WhiteElo "2303"]
[BlackElo "2291"]
[PlyCount "85"]
[EventDate "2005.05.02"]
[EventType "swiss (rapid)"]
[EventRounds "4"]
[EventCountry "CAN"]
[SourceTitle "CBM 106 Extra"]
[Source "ChessBase"]
[SourceDate "2005.07.01"]
[SourceVersion "1"]
[SourceVersionDate "2005.07.01"]
[SourceQuality "1"]

1. e4 e6 2. d3 d5 3. Qe2 Be7 4. Nf3 c5 5. g3 Nc6 6. Bg2 Nf6 7. 0-0 0-0 8. e5 Nd7 9. h4 b5 10. c3 a5 11. Bf4 Ba6 12. h5 Nb6 13. h6 g6 14. Nbd2 a4 15. Rfe1 a3 16. b3 Ra7 17. Rad1 Kh8 18. Nb1 c4 19. dxc4 bxc4 20. b4 Na4 21. Bc1 Nb2 22. Bxb2 axb2 23. Qxb2 Bb5 24. Nd4 Nxd4 25. Rxd4 Bg5 26. f4 Bxh6 27. Qf2 Qa8 28. a3 Ra6 29. g4 Rg8 30. Qh4 Bf8 31. Re3 Qa7 32. Rh3 Rg7 33. Kh2 Qe7 34. g5 Qa7 35. Qh6 Qc7 36. Kh1 Ba4 37. Rd2 Be7 38. Bf3 Kg8 39. Rdh2 Qa7 40. Qxg7+ Kxg7 41. Rxh7+ Kg8 42. Rh8+ Kg7 43. R2h7# 1-0

[Event "Vermont CCA/ICC op"]
[Site "Stratton Mountain"]
[Date "2004.06.08"]
[Round "1"]
[White "Ross, David"]
[Black "Shabalov, Alexander"]
[Result "0-1"]
[WhiteElo "2303"]
[BlackElo "2624"]
[PlyCount "66"]
[EventDate "2004.06.08"]
[EventType "swiss"]
[EventRounds "10"]
[EventCountry "USA"]
[SourceTitle "CBM 100 Extra"]
[Source "ChessBase"]
[SourceDate "2004.07.06"]
[SourceVersion "2"]
[SourceVersionDate "2004.07.06"]
[SourceQuality "1"]

1. b3 d5 2. Bb2 c5 3. e3 a6 4. Nf3 Nc6 5. d4 cxd4 6. Nxd4 Nf6 7. Be2 Qa5+ 8. c3 e5 9. Nxc6 bxc6 10. 0-0 Bd6 11. c4 0-0 12. Qd2 Qc7 13. cxd5 cxd5 14. Rc1 Qe7 15. Qa5 Bb7 16. Qe1 d4 17. Nd2 Rfe8 18. a3 Rad8 19. b4 Bb8 20. Bc4 d3 21. f3 Ba7 22. Kh1 Nh5 23. Bb3 Kh8 24. Ba4 Rf8 25. Rd1 Qg5 26. Nf1 Rd6 27. Rac1 Rg6 28. Qf2 e4 29. f4 Qg4 30. Rd2 Nxf4 31. Rc5 Bxc5 32. bxc5 Ne2 33. h3 Qh5 0-1

[Event "Quebec-ch classe"]
[Site "Repentigny"]
[Date "2003.11.21"]
[Round "1"]
[White "Ross, David"]
[Black "Auger, Bertrand"]
[Result "1/2-1/2"]
[WhiteElo "2358"]
[BlackElo "2059"]
[PlyCount "45"]
[EventDate "2003.11.21"]
[EventType "swiss"]
[EventRounds "5"]
[EventCountry "CAN"]
[SourceTitle "EXT 2022"]
[Source "ChessBase"]
[SourceDate "2021.10.06"]
[SourceVersion "1"]
[SourceVersionDate "2021.10.06"]
[SourceQuality "1"]

1. d4 e6 2. c4 Nf6 3. Nf3 b6 4. g3 Bb7 5. Bg2 Be7 6. 0-0 0-0 7. Re1 d6 8. d5 e5 9. Nc3 Re8 10. e4 Bf8 11. Bg5 h6 12. Bd2 g6 13. b4 Nbd7 14. a4 a5 15. bxa5 Rxa5 16. Nb5 Ra8 17. a5 Nc5 18. Qc2 Qd7 19. Nh4 c6 20. dxc6 Qxc6 21. axb6 Qxb6 22. Be3 Ng4 23. Rab1 1/2-1/2

[Event "Montreal 4th"]
[Site "Montreal"]
[Date "2003.07.31"]
[Round "8"]
[White "Ross, David"]
[Black "Charbonneau, Pascal"]
[Result "0-1"]
[WhiteElo "2318"]
[BlackElo "2442"]
[PlyCount "104"]
[EventDate "2003.07.23"]
[EventType "tourn"]
[EventRounds "11"]
[EventCountry "CAN"]
[EventCategory "11"]
[SourceTitle "CBM 097"]
[Source "ChessBase"]
[SourceDate "2003.11.11"]
[SourceVersion "1"]
[SourceVersionDate "2003.11.11"]
[SourceQuality "1"]

1. e4 c5 2. Nf3 e6 3. d3 Nc6 4. Nbd2 Bd6 5. c3 Bc7 6. Be2 Nge7 7. Qc2 0-0 8. a3 a5 9. b3 d5 10. Bb2 e5 11. 0-0 h6 12. Rfe1 d4 13. cxd4 cxd4 14. Rec1 Be6 15. Qd1 Qd7 16. Ne1 g6 17. Rc2 Rfc8 18. Bc1 Kg7 19. Rb1 b5 20. g3 f5 21. Ng2 f4 22. gxf4 exf4 23. e5 g5 24. Ne4 Nxe5 25. Nc5 Qd6 26. Ne4 Qd8 27. Rc5 Rab8 28. Bb2 N7g6 29. Ne1 Bb6 30. Rxb5 g4 31. Nc2 f3 32. Bf1 Qd7 33. Rxb6 Rxb6 34. Nxd4 Bd5 35. Rc1 Kh7 36. Rxc8 Qxc8 37. Qd2 Ra6 38. b4 axb4 39. axb4 Qf8 40. b5 Ra4 41. Qc2 Ra7 42. Nc6 Rc7 43. Qa4 Bxc6 44. bxc6 Qf5 45. Qa8 Rxc6 46. d4 Qxe4 47. dxe5 Nf4 48. Qe8 Rg6 49. e6 Nh3+ 50. Kh1 Nxf2+ 51. Kg1 Nh3+ 52. Kh1 f2+ 0-1

[Event "Montreal 4th"]
[Site "Montreal"]
[Date "2003.07.28"]
[Round "6"]
[White "Barsov, Alexei"]
[Black "Ross, David"]
[Result "1/2-1/2"]
[WhiteElo "2526"]
[BlackElo "2318"]
[PlyCount "49"]
[EventDate "2003.07.23"]
[EventType "tourn"]
[EventRounds "11"]
[EventCountry "CAN"]
[EventCategory "11"]
[SourceTitle "CBM 097"]
[Source "ChessBase"]
[SourceDate "2003.11.11"]
[SourceVersion "1"]
[SourceVersionDate "2003.11.11"]
[SourceQuality "1"]

1. d4 d5 2. c4 e6 3. Nc3 c5 4. cxd5 exd5 5. Nf3 Nc6 6. g3 Nf6 7. Bg2 Be7 8. 0-0 0-0 9. dxc5 Bxc5 10. Bg5 d4 11. Bxf6 Qxf6 12. Nd5 Qd6 13. Nd2 Be6 14. Nf4 Bb6 15. Qa4 Rac8 16. Rac1 Na5 17. Nxe6 Qxe6 18. b4 Rxc1 19. Rxc1 Qxe2 20. bxa5 Qxd2 21. Rd1 Qxa5 22. Qxa5 Bxa5 23. Rxd4 b5 24. Rd7 Bb6 25. Bd5 1/2-1/2

[Event "CAN-op"]
[Site "Kapuskasing"]
[Date "2003.07.14"]
[Round "4"]
[White "Ross, David"]
[Black "Smith, Hazel"]
[Result "1/2-1/2"]
[WhiteElo "2328"]
[BlackElo "1849"]
[PlyCount "65"]
[EventDate "2003.07.??"]
[EventType "swiss"]
[EventRounds "10"]
[EventCountry "CAN"]
[SourceTitle "EXT 2006"]
[Source "ChessBase"]
[SourceDate "2005.11.24"]
[SourceVersion "1"]
[SourceVersionDate "2005.11.24"]
[SourceQuality "1"]

1. b3 e5 2. c4 Nf6 3. Bb2 Nc6 4. e3 b6 5. a3 Bb7 6. Qc2 Be7 7. Nf3 d6 8. Nc3 0-0 9. Bd3 h6 10. h4 a6 11. 0-0-0 d5 12. Nxd5 Nxd5 13. cxd5 Qxd5 14. Bc4 Qd6 15. d4 exd4 16. Ng5 hxg5 17. hxg5 g6 18. Rxd4 Nxd4 19. Bxd4 Qxd4 20. exd4 Bxg5+ 21. Kb1 Kg7 22. Bd3 Rac8 23. Be4 Bxe4 24. Qxe4 Rfe8 25. Qd3 a5 26. g3 Bf6 27. Rd1 Rcd8 28. d5 Rd6 29. Qc2 Re7 30. b4 axb4 31. axb4 Red7 32. Ka2 b5 33. Rd3 1/2-1/2

[Event "CAN-op"]
[Site "Kapuskasing"]
[Date "2003.07.12"]
[Round "1"]
[White "Ross, David"]
[Black "Iljushin, Alexei"]
[Result "0-1"]
[WhiteElo "2328"]
[BlackElo "2553"]
[PlyCount "100"]
[EventDate "2003.07.??"]
[EventType "swiss"]
[EventRounds "10"]
[EventCountry "CAN"]
[SourceTitle "EXT 2006"]
[Source "ChessBase"]
[SourceDate "2005.11.24"]
[SourceVersion "1"]
[SourceVersionDate "2005.11.24"]
[SourceQuality "1"]

1. d4 e6 2. Nf3 f5 3. g3 Nf6 4. Bg2 d5 5. 0-0 Bd6 6. c4 c6 7. b3 Qe7 8. Qc2 0-0 9. Bf4 Bxf4 10. gxf4 Bd7 11. Qb2 Be8 12. Qa3 Qxa3 13. Nxa3 Bh5 14. Rac1 Nbd7 15. b4 a6 16. Rfd1 h6 17. Kf1 Bxf3 18. Bxf3 g5 19. fxg5 hxg5 20. h3 Kf7 21. Bg2 Rh8 22. Nc2 Ke7 23. Ne1 Nb6 24. cxd5 exd5 25. Nd3 Nc4 26. a4 Ne4 27. Rxc4 dxc4 28. Ne5 Rhd8 29. Bxe4 fxe4 30. Nxc4 Ke6 31. Na5 Rd7 32. Nb3 Rh7 33. Kg2 Rah8 34. e3 Rxh3 35. Nc5+ Kd5 36. Nxb7 Rh2+ 37. Kg3 R2h3+ 38. Kg4 Rh2 39. Kg3 R2h3+ 40. Kg2 g4 41. Na5 Rh2+ 42. Kg3 R8h3+ 43. Kxg4 Rf3 44. Rc1 Rg2+ 45. Kh4 Rf8 46. Rc5+ Ke6 47. Rxc6+ Kd7 48. Kh3 Rgxf2 49. Rg6 R2f3+ 50. Rg3 Rg8 0-1

[Event "CAN-ch zt"]
[Site "Richmond"]
[Date "2002.03.31"]
[Round "11"]
[White "Ross, David"]
[Black "Wu, Howard"]
[Result "1-0"]
[WhiteElo "2349"]
[BlackElo "2202"]
[PlyCount "57"]
[EventDate "2002.03.21"]
[EventType "swiss"]
[EventRounds "11"]
[EventCountry "CAN"]
[SourceTitle "CBM 088"]
[Source "ChessBase"]
[SourceDate "2002.03.21"]
[SourceVersion "1"]
[SourceVersionDate "2002.03.21"]
[SourceQuality "1"]

1. c4 c5 2. Nf3 g6 3. e3 Bg7 4. Be2 Nf6 5. 0-0 0-0 6. d4 cxd4 7. exd4 d5 8. h3 dxc4 9. Bxc4 Nbd7 10. Nc3 Nb6 11. Bb3 Nbd5 12. Re1 b6 13. Ne5 Bb7 14. Bg5 Nxc3 15. bxc3 e6 16. Ng4 h5 17. Ne5 Qc7 18. Qd3 Nd5 19. Bd2 Ne7 20. Bc1 Rad8 21. Bf4 Bxe5 22. Rxe5 Qc6 23. f3 Nd5 24. Bd2 Kg7 25. c4 Nc7 26. Qe3 Qd6 27. Qh6+ Kg8 28. Bc3 Ne8 29. d5 1-0

[Event "CAN-ch zt"]
[Site "Richmond"]
[Date "2002.03.30"]
[Round "10"]
[White "Spraggett, Kevin"]
[Black "Ross, David"]
[Result "1-0"]
[WhiteElo "2541"]
[BlackElo "2349"]
[PlyCount "171"]
[EventDate "2002.03.21"]
[EventType "swiss"]
[EventRounds "11"]
[EventCountry "CAN"]
[SourceTitle "CBM 088"]
[Source "ChessBase"]
[SourceDate "2002.03.21"]
[SourceVersion "1"]
[SourceVersionDate "2002.03.21"]
[SourceQuality "1"]

1. e4 e6 2. d4 d5 3. Nc3 Bb4 4. e5 c5 5. a3 Ba5 6. b4 cxd4 7. Nb5 Bc7 8. f4 Bd7 9. Nxc7+ Qxc7 10. Bd3 Ba4 11. Bb2 Ne7 12. Nf3 Nbc6 13. Qd2 a6 14. Nxd4 Nxd4 15. Bxd4 Bb5 16. 0-0 Nf5 17. Bc5 b6 18. Bf2 h5 19. Rfc1 Bc4 20. Bxf5 exf5 21. a4 Rh6 22. Ra3 Re6 23. a5 b5 24. Bd4 Qc6 25. Rh3 g6 26. Qf2 0-0-0 27. Rd1 Rde8 28. Rh4 Qd7 29. Rh3 Kb7 30. Re3 Rc6 31. Qf3 Qe6 32. Rd2 Rcc8 33. Qd1 Kc6 34. Rg3 Kb7 35. h3 Rh8 36. c3 Rhd8 37. Kh2 Rh8 38. Qe1 Rhe8 39. Bf2 Ra8 40. Qe3 Qc6 41. Qd4 Qe6 42. Re3 Rec8 43. Re1 Re8 44. Kg1 Rec8 45. Rb2 Rc6 46. Bh4 Re8 47. Kf2 Qc8 48. Kg1 Qe6 49. Rd1 Ra8 50. Qe3 Re8 51. Qf3 Rec8 52. Rd4 Kb8 53. Kf2 Qd7 54. Ke1 Qe6 55. Kd2 R6c7 56. Kc2 Rc6 57. Kb1 R6c7 58. Ka1 Rc6 59. Qd1 R6c7 60. Rbd2 Rc6 61. Kb2 R6c7 62. Qf3 Rc6 63. Rc2 R6c7 64. Rc1 Rc6 65. Qe3 R6c7 66. Re1 Rc6 67. Bf2 R8c7 68. g3 Qc8 69. Rd2 Qe6 70. Qd4 Rd7 71. Be3 Kc8 72. Rg2 Rd8 73. Rh1 Kd7 74. g4 hxg4 75. hxg4 fxg4 76. f5 gxf5 77. Rh6 Qxh6 78. Bxh6 Rxh6 79. Qf4 Rh5 80. Rxg4 Rdh8 81. Rg2 R8h6 82. Qf2 Ke6 83. Qc5 Kxe5 84. Qe7+ Kf4 85. Rf2+ Kg4 86. Qe3 1-0

[Event "CAN-ch zt"]
[Site "Richmond"]
[Date "2002.03.26"]
[Round "6"]
[White "Herder, David A"]
[Black "Ross, David"]
[Result "1/2-1/2"]
[WhiteElo "2251"]
[BlackElo "2349"]
[PlyCount "191"]
[EventDate "2002.03.21"]
[EventType "swiss"]
[EventRounds "11"]
[EventCountry "CAN"]
[SourceTitle "CBM 088"]
[Source "ChessBase"]
[SourceDate "2002.03.21"]
[SourceVersion "1"]
[SourceVersionDate "2002.03.21"]
[SourceQuality "1"]

1. d4 d6 2. e4 g6 3. Be3 Bg7 4. Nc3 a6 5. Qd2 b5 6. Bd3 Nd7 7. a4 b4 8. Nce2 Rb8 9. a5 c5 10. c3 bxc3 11. bxc3 cxd4 12. cxd4 Nc5 13. Bc2 Nb3 14. Bxb3 Rxb3 15. Nc3 Nf6 16. Nge2 Be6 17. d5 Bd7 18. Nd4 Rxc3 19. Qxc3 Nxe4 20. Qc2 Nc5 21. 0-0 Qa8 22. Rab1 0-0 23. Nc6 Bxc6 24. dxc6 Rc8 25. Rb6 Rxc6 26. Rfb1 Rc8 27. Bxc5 dxc5 28. Qc4 Bd4 29. Rb7 Bf6 30. g3 Kg7 31. h4 h5 32. R1b6 Rd8 33. Qxc5 Rd1+ 34. Kh2 Qd8 35. Rb3 Qd2 36. Qe3 Qxa5 37. Ra3 Qf5 38. Qf3 Qc2 39. Rxa6 Rd2 40. Rxf6 exf6 41. Kg2 Rd3 42. Rc7 Qxc7 43. Qxd3 Qe5 44. Qd7 Qe4+ 45. Kg1 g5 46. hxg5 fxg5 47. Qd2 Qe5 48. Qd8 Qe1+ 49. Kg2 Qe4+ 50. Kg1 Qg4 51. Qe7 Qf5 52. Qd8 h4 53. Qd4+ Qf6 54. Qe4 hxg3 55. fxg3 Qc3 56. Kg2 Kf6 57. Qd5 Qc2+ 58. Kg1 Qf5 59. Qd6+ Kg7 60. Qd4+ f6 61. g4 Qe6 62. Kg2 Kf7 63. Qa7+ Ke8 64. Qd4 Ke7 65. Kf3 Qc6+ 66. Kf2 Qd6 67. Qe4+ Kf8 68. Qa8+ Kf7 69. Qb7+ Qe7 70. Qd5+ Kg7 71. Qf5 Qa7+ 72. Kg2 Qd4 73. Qe6 Kf8 74. Kf3 Qf4+ 75. Kg2 Qe5 76. Qd7 Qe2+ 77. Kg3 Qe7 78. Qc8+ Kf7 79. Kf3 Qa3+ 80. Kg2 Qb2+ 81. Kf3 Qb3+ 82. Kf2 Qd5 83. Qc7+ Ke6 84. Qc8+ Qd7 85. Qc4+ Ke7 86. Qe4+ Qe6 87. Qd4 Qa2+ 88. Kf3 Qb3+ 89. Ke4 Ke6 90. Qe5+ Kf7 91. Qc7+ Kg6 92. Qd7 Qc4+ 93. Kf3 Qf4+ 94. Kg2 Qe4+ 95. Kg3 Qe5+ 96. Kg2 1/2-1/2

[Event "CAN-ch zt"]
[Site "Richmond"]
[Date "2002.03.24"]
[Round "4"]
[White "Sokourinski, Sergei"]
[Black "Ross, David"]
[Result "0-1"]
[WhiteElo "2185"]
[BlackElo "2349"]
[PlyCount "56"]
[EventDate "2002.03.21"]
[EventType "swiss"]
[EventRounds "11"]
[EventCountry "CAN"]
[SourceTitle "CBM 088"]
[Source "ChessBase"]
[SourceDate "2002.03.21"]
[SourceVersion "1"]
[SourceVersionDate "2002.03.21"]
[SourceQuality "1"]

1. d4 d6 2. g3 Nf6 3. Bg2 c6 4. Nf3 Nbd7 5. 0-0 e5 6. e3 Be7 7. c4 Qc7 8. Nc3 0-0 9. Qc2 Re8 10. b3 Bf8 11. dxe5 dxe5 12. e4 b5 13. cxb5 cxb5 14. Qb2 b4 15. Nd5 Nxd5 16. exd5 Bb7 17. Rd1 Nf6 18. Nh4 e4 19. Bf4 Qd7 20. d6 Nd5 21. Rac1 Nxf4 22. gxf4 Qg4 23. Qd4 Qxh4 24. Rc7 Ba6 25. Qd5 Qxf4 26. Rd4 Bd3 27. h3 Rad8 28. Rc6 Re5 0-1

[Event "CAN-ch zt"]
[Site "Richmond"]
[Date "2002.03.22"]
[Round "2"]
[White "Lawson, Eric"]
[Black "Ross, David"]
[Result "1/2-1/2"]
[WhiteElo "2170"]
[BlackElo "2349"]
[PlyCount "40"]
[EventDate "2002.03.21"]
[EventType "swiss"]
[EventRounds "11"]
[EventCountry "CAN"]
[SourceTitle "CBM 088"]
[Source "ChessBase"]
[SourceDate "2002.03.21"]
[SourceVersion "1"]
[SourceVersionDate "2002.03.21"]
[SourceQuality "1"]

1. e4 c5 2. Nf3 d6 3. d4 cxd4 4. Nxd4 Nf6 5. Nc3 g6 6. Be3 Bg7 7. f3 0-0 8. Qd2 Nc6 9. 0-0-0 d5 10. exd5 Nxd5 11. Nxc6 bxc6 12. Nxd5 cxd5 13. Qxd5 Qc7 14. Qc5 Qb8 15. c3 a5 16. Bc4 Bf6 17. Bd4 Qf4+ 18. Be3 Qb8 19. Bd4 Qf4+ 20. Be3 Qb8 1/2-1/2

[Event "CAN-ch zt"]
[Site "Richmond"]
[Date "2002.03.21"]
[Round "1"]
[White "Ross, David"]
[Black "Patterson, Roger"]
[Result "1/2-1/2"]
[WhiteElo "2349"]
[BlackElo "2173"]
[PlyCount "86"]
[EventDate "2002.03.21"]
[EventType "swiss"]
[EventRounds "11"]
[EventCountry "CAN"]
[SourceTitle "CBM 088"]
[Source "ChessBase"]
[SourceDate "2002.03.21"]
[SourceVersion "1"]
[SourceVersionDate "2002.03.21"]
[SourceQuality "1"]

1. f4 d5 2. b3 Nf6 3. Bb2 e6 4. Nf3 Be7 5. e3 c5 6. Bb5+ Bd7 7. a4 0-0 8. 0-0 Be8 9. Ne5 Qc7 10. Rf3 Nc6 11. Rg3 Rd8 12. Nxc6 Bxc6 13. Be5 Qd7 14. Bd3 g6 15. Rh3 d4 16. exd4 cxd4 17. Na3 Qd5 18. Qe2 Ne4 19. Nb5 f6 20. Nxa7 fxe5 21. Nxc6 Qxc6 22. Bxe4 Qb6 23. Qd3 Bf6 24. a5 Qc7 25. fxe5 Bxe5 26. b4 Rf4 27. Rf1 Rdf8 28. Rxf4 Rxf4 29. Qe2 Bd6 30. Rb3 Qe7 31. g3 Rf7 32. b5 d3 33. Bxd3 Bc5+ 34. Kh1 Rf2 35. Qe5 Qf7 36. Be4 Rf1+ 37. Kg2 Rg1+ 38. Kh3 Qf1+ 39. Kg4 h5+ 40. Kg5 Be7+ 41. Kxg6 Qf7+ 42. Kh6 Bf8+ 43. Kg5 Be7+ 1/2-1/2

[Event "Canadian op"]
[Site "Edmonton"]
[Date "2000.07.11"]
[Round "5"]
[White "Ross, David"]
[Black "Rowson, Jonathan"]
[Result "0-1"]
[WhiteElo "2368"]
[BlackElo "2494"]
[PlyCount "60"]
[EventDate "2000.07.08"]
[EventType "swiss"]
[EventRounds "10"]
[EventCountry "CAN"]
[SourceTitle "EXT 2001"]
[Source "ChessBase"]
[SourceDate "2000.11.22"]
[SourceVersion "1"]
[SourceVersionDate "2000.11.22"]
[SourceQuality "1"]

1. c4 g6 2. Nf3 Nf6 3. e3 Bg7 4. Be2 0-0 5. 0-0 c5 6. Qc2 Nc6 7. a3 e5 8. d3 b6 9. Bd2 d5 10. cxd5 Nxd5 11. Nc3 Bb7 12. Nxd5 Qxd5 13. b4 cxb4 14. axb4 Rfc8 15. Qa2 Qd7 16. Rac1 a5 17. bxa5 bxa5 18. Rfd1 a4 19. Ng5 Nd8 20. Rxc8 Rxc8 21. e4 h6 22. Nf3 Ne6 23. Be3 Nf4 24. Bxf4 exf4 25. Nd2 Rc3 26. Nb1 Rb3 27. Rd2 f3 28. gxf3 Qb5 29. Na3 Qg5+ 30. Kf1 Bc8 0-1

[Event "CAN-ch"]
[Site "Brantford"]
[Date "1999.09.08"]
[Round "8"]
[White "Zugic, Igor"]
[Black "Ross, David"]
[Result "0-1"]
[WhiteElo "2406"]
[BlackElo "2345"]
[PlyCount "110"]
[EventDate "1999.08.31"]
[EventType "swiss"]
[EventRounds "9"]
[EventCountry "CAN"]
[SourceTitle "EXT 2000"]
[Source "ChessBase"]
[SourceDate "1999.11.16"]
[SourceVersion "1"]
[SourceVersionDate "1999.11.16"]
[SourceQuality "1"]

1. d4 d6 2. Nf3 Nf6 3. c4 g6 4. g3 Bg7 5. Bg2 0-0 6. Nc3 Nbd7 7. 0-0 e5 8. e4 c6 9. h3 Qb6 10. c5 dxc5 11. dxe5 Ne8 12. e6 fxe6 13. Ng5 Ne5 14. f4 Nf7 15. Nxf7 Bd4+ 16. Kh2 Rxf7 17. e5 Bxc3 18. bxc3 Qc7 19. h4 Ng7 20. g4 b6 21. Qc2 Bb7 22. Be4 c4 23. h5 gxh5 24. Bxh7+ Kh8 25. g5 c5 26. Bg6 Rd7 27. Be3 Rad8 28. Rad1 Qc6 29. Rxd7 Rxd7 30. Qe2 Kg8 31. Bc1 Qd5 32. Bc2 Qc6 33. f5 Nxf5 34. Bxf5 exf5 35. Qxc4+ Qd5 36. Qxd5+ Bxd5 37. Rxf5 Rf7 38. Rf6 Rxf6 39. exf6 Bxa2 40. g6 Bf7 41. gxf7+ Kxf7 42. c4 Kxf6 43. Bf4 a6 44. Kg3 Ke6 45. Kf3 b5 46. cxb5 axb5 47. Bg5 Kd5 48. Ke3 b4 49. Be7 b3 50. Kd3 c4+ 51. Kc3 Ke6 52. Bh4 Kf5 53. Bg3 Ke4 54. Bh4 Kf4 55. Bf6 Kf5 0-1

[Event "CAN-ch"]
[Site "Brantford"]
[Date "1999.09.02"]
[Round "3"]
[White "Ross, David"]
[Black "Jung, Hans Rudolf"]
[Result "1-0"]
[WhiteElo "2345"]
[BlackElo "2251"]
[PlyCount "63"]
[EventDate "1999.08.31"]
[EventType "swiss"]
[EventRounds "9"]
[EventCountry "CAN"]
[SourceTitle "EXT 2000"]
[Source "ChessBase"]
[SourceDate "1999.11.16"]
[SourceVersion "1"]
[SourceVersionDate "1999.11.16"]
[SourceQuality "1"]

1. Nf3 d5 2. c4 c6 3. b3 Qb6 4. cxd5 cxd5 5. Bb2 Nc6 6. g3 a5 7. Nc3 Nf6 8. Bg2 a4 9. Nxa4 Rxa4 10. Bxf6 Ra6 11. Bb2 f6 12. d4 e6 13. 0-0 Ba3 14. Bxa3 Rxa3 15. e4 dxe4 16. Nd2 Qxd4 17. Qc1 Qa7 18. Nxe4 0-0 19. Nc3 Ra5 20. Qb2 Nd4 21. b4 Ra6 22. a4 Qb6 23. Ne4 e5 24. Nc5 Ra7 25. a5 Qb5 26. f4 b6 27. axb6 Rxa1 28. Rxa1 Qxb6 29. Kh1 Bg4 30. h3 Bf3 31. Bxf3 Nxf3 32. Qb3+ 1-0